00485nam a22001577a 450000500170000001000150001702000260003203500140005803700130007208200150008510000190010024500790011926000470019827000530024530000290029820230209164232.0 aENG-136186 a9789386050458c750.00 aEN-119718 bDBAD/PUB a971.105092 aDosanjh, Ujjal aJourney After Midnight:bIndia, Canada and the Road Beyond/cUjjal Dosanjh aNew DelhibSpeaking Tiger Publishingc2016 a4381/4 Ansari Road Daryaganj bNew Delhie110002 a398p.bIndexc24cm.(hbk)